000 00898nam a22002297a 4500
999 _c123881
_d123881
005 20181106141443.0
010 _aB-082174 , B-201461
020 _c00.00
_a8170491509
035 _aB-082174 , B-201461
037 _bCen Lib/Ret
082 _a327
_bCOM
245 _aCombating terrorism :
_cedited by Yonah Alexander
_bstrategies of ten countries /
260 _aNew Delhi
_bManas Publications
_c2003
270 _a4858, Prahlad Street, 24, Ansari Road, Darya Ganj
_bNew Delhi
_e110002
300 _axii,436p.
_c23cm(Hb)
500 _aIncludes bibliographical references and index
650 _aTerrorism -- Prevention
650 _aTerrorism
700 _aAlexander, Yonah
_98365
942 _2ddc
_cEN
_h303.625
_mCOM